<?xml version="1.0" encoding="UTF-8"?><?xml-stylesheet type="text/xsl" href="static/style.xsl"?><OAI-PMH xmlns="http://www.openarchives.org/OAI/2.0/" xmlns:xsi="http://www.w3.org/2001/XMLSchema-instance" xsi:schemaLocation="http://www.openarchives.org/OAI/2.0/ http://www.openarchives.org/OAI/2.0/OAI-PMH.xsd"><responseDate>2026-06-01T07:01:58Z</responseDate><request verb="GetRecord" identifier="oai:riuma.uma.es:10630/40477" metadataPrefix="marc">https://riuma.uma.es/rest/oai/request</request><GetRecord><record><header><identifier>oai:riuma.uma.es:10630/40477</identifier><datestamp>2026-02-03T10:51:56Z</datestamp><setSpec>com_10630_2254</setSpec><setSpec>col_10630_37953</setSpec></header><metadata><record xmlns="http://www.loc.gov/MARC21/slim" xmlns:dcterms="http://purl.org/dc/terms/" xmlns:doc="http://www.lyncode.com/xoai" xmlns:xsi="http://www.w3.org/2001/XMLSchema-instance" xsi:schemaLocation="http://www.loc.gov/MARC21/slim http://www.loc.gov/standards/marcxml/schema/MARC21slim.xsd">
   <leader>00925njm 22002777a 4500</leader>
   <datafield ind2=" " ind1=" " tag="042">
      <subfield code="a">dc</subfield>
   </datafield>
   <datafield ind2=" " ind1=" " tag="720">
      <subfield code="a">De Ceglia, Marialuisa</subfield>
      <subfield code="e">author</subfield>
   </datafield>
   <datafield ind2=" " ind1=" " tag="720">
      <subfield code="a">Tovar, Rubén</subfield>
      <subfield code="e">author</subfield>
   </datafield>
   <datafield ind2=" " ind1=" " tag="720">
      <subfield code="a">Rodríguez-Pozo, Miguel</subfield>
      <subfield code="e">author</subfield>
   </datafield>
   <datafield ind2=" " ind1=" " tag="720">
      <subfield code="a">Vargas, Antonio</subfield>
      <subfield code="e">author</subfield>
   </datafield>
   <datafield ind2=" " ind1=" " tag="720">
      <subfield code="a">Gavito, Ana L.</subfield>
      <subfield code="e">author</subfield>
   </datafield>
   <datafield ind2=" " ind1=" " tag="720">
      <subfield code="a">Suárez-Pérez, Juan</subfield>
      <subfield code="e">author</subfield>
   </datafield>
   <datafield ind2=" " ind1=" " tag="720">
      <subfield code="a">Baixeras-Llano, Elena</subfield>
      <subfield code="e">author</subfield>
   </datafield>
   <datafield ind2=" " ind1=" " tag="720">
      <subfield code="a">Rodriguez de Fonseca, Fernando</subfield>
      <subfield code="e">author</subfield>
   </datafield>
   <datafield ind2=" " ind1=" " tag="720">
      <subfield code="a">Decara, Juan</subfield>
      <subfield code="e">author</subfield>
   </datafield>
   <datafield ind2=" " ind1=" " tag="260">
      <subfield code="c">2025</subfield>
   </datafield>
   <datafield ind2=" " ind1=" " tag="520">
      <subfield code="a">Obesity remains a major epidemic in developed countries, with metabolic-associated fatty liver disease (MAFLD)&#xd;
as one of its main hepatic consequences. Pharmacological treatments for MAFLD are limited, but modulation of&#xd;
glucagon-like peptide-1 (GLP-1) or acylethanolamide signalling offers promising therapeutic potential, while&#xd;
exerting anti-obesity effects. This study evaluated the effects of a combined therapy using a dual ligand targeting&#xd;
peroxisome proliferator-activated receptor alpha (PPARα) and peripheral cannabinoid receptor 1 (CB1) (OLHHA,&#xd;
acting as a PPARα agonist and CB1 antagonist) in combination with the GLP-1 receptor agonist liraglutide. Our&#xd;
aim was to assess their potential as a multitarget therapy to ameliorate liver dysfunction in an obesity animal&#xd;
model. In Wistar rats, we evaluated the effects of administering 3 mg/kg OLHHA and 25 µg/kg liraglutide, both&#xd;
acutely and chronically (daily for 42 days), in the context of exposure to a high-fat/high-fructose diet. Although&#xd;
both OLHHA and liraglutide individually ameliorated certain hepatic alterations induced by MAFLD, our findings&#xd;
demonstrate that their combined administration was significantly more effective in promoting body weight loss,&#xd;
improving lipid profiles and transaminase levels, and exerting robust antisteatotic effects in obese rats. This&#xd;
enhanced efficacy was evidenced by a marked reduction in hepatic fat content, downregulation of lipogenesisrelated enzymes, and upregulation of proteins involved in lipid oxidation. Moreover, OLHHA, either alone or&#xd;
in combination with liraglutide, efficiently restored redox balance disrupted by MAFLD in obese rats.</subfield>
   </datafield>
   <datafield ind1="8" ind2=" " tag="024">
      <subfield code="a">Ceglia M, Tovar R, Rodríguez-Pozo M, Vargas A, Gavito A, Suárez J, Baixeras E, Rodríguez de Fonseca F, Decara J. A synergic GLP-1/Acylethanolamide-based combined therapy for MAFLD: Studies in rat models. Biochemical Pharmacology. 2025;242(3):117364. https://doi.org/10.1016/j.bcp.2025.117364</subfield>
   </datafield>
   <datafield ind1="8" ind2=" " tag="024">
      <subfield code="a">https://hdl.handle.net/10630/40477</subfield>
   </datafield>
   <datafield ind1="8" ind2=" " tag="024">
      <subfield code="a">10.1016/j.bcp.2025.117364</subfield>
   </datafield>
   <datafield tag="653" ind2=" " ind1=" ">
      <subfield code="a">Obesidad</subfield>
   </datafield>
   <datafield tag="653" ind2=" " ind1=" ">
      <subfield code="a">Receptores de hormonas</subfield>
   </datafield>
   <datafield tag="653" ind2=" " ind1=" ">
      <subfield code="a">Metabolismo</subfield>
   </datafield>
   <datafield tag="653" ind2=" " ind1=" ">
      <subfield code="a">Hígado -- Enfermedades</subfield>
   </datafield>
   <datafield ind2="0" ind1="0" tag="245">
      <subfield code="a">A synergic GLP-1/Acylethanolamide-based combined therapy for MAFLD: Studies in rat models</subfield>
   </datafield>
</record>
</metadata></record></GetRecord></OAI-PMH>